书目信息 |
| 题名: |
儿童的自发艺术
|
|
| 作者: | 任慧娟 著 | |
| 分册: | ||
| 出版信息: | 长春 吉林大学出版社 2020.06 |
|
| 页数: | 170页 | |
| 开本: | 24cm | |
| 丛书名: | ||
| 单 册: | ||
| 中图分类: | G613.5 | |
| 科图分类: | ||
| 主题词: | 艺术教育--教学研究--学前教育 | |
| 电子资源: | ||
| ISBN: | 978-7-5692-6148-6 | |
| 000 | 00948nam0 2200241 450 | |
| 001 | 0103152700 | |
| 005 | 20201103152732.0 | |
| 010 | @a978-7-5692-6148-6@dCNY60.00 | |
| 100 | @a20200711d2020 em y0chiy50 ea | |
| 101 | 0 | @achi |
| 102 | @aCN@b220000 | |
| 105 | @aa z 000yy | |
| 106 | @ar | |
| 200 | 1 | @a儿童的自发艺术@Aer tong de zi fa yi shu@f任慧娟著 |
| 210 | @a长春@c吉林大学出版社@d2020.06 | |
| 215 | @a170页@c图@d24cm | |
| 300 | @a江苏省高校哲学社会科学研究基项目“全面二孩”政策下普惠性幼儿园社会期待及质量提升策略研究研究成果江苏省教育科学“十三五”规划课题“普惠性民办幼儿园过程性质量研究”研究成果 | |
| 330 | @a本书分为上下两篇,内容包括:幼儿自发音乐行为概述、幼儿自发音乐行为特征分析、幼儿自发音乐行为成因考察、幼儿自发音乐行为功能解析等。 | |
| 606 | 0 | @a艺术教育@x教学研究@x学前教育 |
| 690 | @aG613.5@v5 | |
| 701 | 0 | @a任慧娟@Aren hui juan@f(1981~)@4著 |
| 801 | 0 | @aCN@bBJSZM@c20201103 |
| 905 | @b1257801-5@dG613.5@e1107@f5 | |
| 儿童的自发艺术/任慧娟著.-长春:吉林大学出版社,2020.06 |
| 170页:图;24cm |
| 江苏省高校哲学社会科学研究基项目“全面二孩”政策下普惠性幼儿园社会期待及质量提升策略研究研究成果江苏省教育科学“十三五”规划课题“普惠性民办幼儿园过程性质量研究”研究成果 |
| ISBN 978-7-5692-6148-6:CNY60.00 |
| 本书分为上下两篇,内容包括:幼儿自发音乐行为概述、幼儿自发音乐行为特征分析、幼儿自发音乐行为成因考察、幼儿自发音乐行为功能解析等。 |
| ● |
| 相关链接 |
|
|
|
|
正题名:儿童的自发艺术
索取号:G613.5/1107
 
预约/预借
| 序号 | 登录号 | 条形码 | 馆藏地/架位号 | 状态 | 备注 |
| 1 | 1257801 | 212578012 | 第一样本阅览室/ [索取号:G613.5/1107] | 在馆 | |
| 2 | 1257802 | 212578021 | 教育系资料室/ [索取号:G613.5/1107] | 在馆 | |
| 3 | 1257803 | 212578030 | 教育系资料室/ [索取号:G613.5/1107] | 在馆 | |
| 4 | 1257804 | 212578049 | 第四借阅区/ [索取号:G613.5/1107] | 在馆 | |
| 5 | 1257805 | 212578058 | 第四借阅区/ [索取号:G613.5/1107] | 在馆 |